000 00866nam a2200241 a 4500
001 BRCA_1756
005 20190320203533.0
008 930104s1991 mx-a---##b---#000-0#spa-#
020 _a9686084320
040 _aDLC
_cDLC
050 4 _aN6557.M4
_b.G87 1991
100 1 _aGutiérrez Haces, Juana
_92256
245 1 0 _aEl palacio de comunicaciones
_cJuana Gutiérrez Haces ; introducción y epílogo Jorge Alberto Manrique.
260 _aMéxico
_bGrupo Azabache
_c1991
300 _a195 p.
_bil. (algunas a color)
_c33 cm.
504 _aBibliografía : p. 196-197
610 2 4 _aMuseo Nacional de Arte (Ciudad de México)
_xColecciones de arte
_93482
650 1 4 _aRenacimiento (Arte)
_zMéxico
_95479
650 1 4 _aArte mexicano
_92321
651 4 _aCiudad de México
_xEdificios, estructuras, etc.
_91264
700 1 _aManrique, Jorge Alberto
_92318
942 _2lcc
_cB
999 _c1539
_d1539